El fomento de las exportaciones: estimulos a las exportaciones contemplados en la Ley N§ 16.528

Sparad:
Bibliografiska uppgifter
Huvudupphovsman: Fernández Barros, Patricio (Författare, medförfattare)
Materialtyp: Bok
Språk:spanska
Publicerad: Santiago Jurídica de Chile 1968
Serie:Memoria, 37
Ämnen:
Taggar: Lägg till en tagg
Inga taggar, Lägg till första taggen!

MARC

LEADER 00000nam a2200000 a 4500
001 UCS2865
003 CL-VaPUC
008 970606e19680000CL |||||||||||||||||spa|d
082 0 4 |a 382.6  |b FER  |2 21 
100 0 |a Fernández Barros, Patricio  |e author  |9 388752 
245 1 3 |a El fomento de las exportaciones: estimulos a las exportaciones contemplados en la Ley N§ 16.528 
300 |a 157 p 
942 |c BK 
945 |d 19970606 00:00:00  |a lriquelm 
260 |a Santiago  |b Jurídica de Chile  |c 1968 
650 7 |a COMERCIO INTERNACIONAL  |2 CL-VaPUC  |9 388753 
650 7 |a EXPORTACIONES  |2 CL-VaPUC  |9 255382 
650 7 |a IMPORTACIONES  |2 CL-VaPUC  |9 359079 
650 0 |a Franquicias tributarias   |9 384092 
650 7 |a LEGISLACION  |2 CL-VaPUC  |9 388754 
650 7 |a LEY N§ 16.528  |2 CL-VaPUC  |9 388755 
650 0 |a Tratados internacionales   |9 256056 
650 7 |a GARANTIA DEL ESTADO EN EXPORTACIONES  |2 CL-VaPUC  |9 388756 
583 |a last modification  |c 19970606 00:00:00  |k Rodrigo Vera 
490 0 |a Memoria, 37 
999 |c 260792  |d 260790 
952 |0 0  |1 0  |4 0  |6 382_600000000000000_FER_1968  |7 0  |8 P  |9 287134  |a BIBDER  |b BIBDER  |d 2019-11-19  |i 1865641  |o 382.6 FER 1968  |p 1865641  |r 2023-01-25  |w 2019-11-19  |y BK  |k DER